00492nam a2200169Ia 4500003000900000008004100009040001600050080001500066100001800081245006900099260004600168300001400214650003500228650002200263650001900285700001800304IN-BaIIA211028s9999 xx 000 0 eng d cIIA Library a681.3bFIS aFisher, F. P. 0aComputer programming systemscF. Peter Fisher, George F. Swindle aNew YorkbHolt Rinehard and Winstonc1964 axi, 643p. aComputer programming languages aComputer programs aNASA thesaurus aSwindle, G.F.